| 000 | 00525nam a2200169 i 4500 | ||
|---|---|---|---|
| 001 | 128783 | ||
| 003 | ES-MaACL | ||
| 007 | t| | ||
| 008 | 070524s1972 xxr ||||1| spa d | ||
| 100 | 1 |
_aTarasov, L. _9109263 |
|
| 245 | 1 | 0 |
_aPreguntas y problemas de física / _cL. Tarasov, A. Tarasova ; [traducido por Jaime Blanco Castro]. |
| 260 |
_aMoscú : _bMir, _c[1972] |
||
| 300 |
_a246 p. : _bil. ; _c20 cm. |
||
| 700 | 1 |
_aTarasova, A. _9109264 |
|
| 700 | 1 |
_aBlanco Castro, Jaime. _929232 |
|
| 852 |
_aES-MaACL _jE-6582 _bR.90591 |
||
| 999 |
_c128783 _d128783 |
||